Uznávanie kompetencií získaných v povolaní a mimo neho
Systém kvalifikácií vo Francúzsku. Uznávanie kompetencií získaných v povolaní a mimo neho. Vývoj a efektívnosť uznávania informálne získaných kompetencií.
Guardado en:
| Autor principal: | |
|---|---|
| Otros Autores: | |
| Formato: | Capítulo de libro |
| Lenguaje: | eslovaco |
| Materias: | |
| Etiquetas: |
Sin Etiquetas, Sea el primero en etiquetar este registro!
|
MARC
| LEADER | 00000naa$a2200000$$$4500 | ||
|---|---|---|---|
| 001 | 0053491 | ||
| 005 | 20230918125521.7 | ||
| 041 | 0 | |a slo | |
| 044 | |a SK | ||
| 245 | 1 | 0 | |a Uznávanie kompetencií získaných v povolaní a mimo neho |c Jochen Reitnauer, Cécile Ximénes |
| 520 | |a Systém kvalifikácií vo Francúzsku. Uznávanie kompetencií získaných v povolaní a mimo neho. Vývoj a efektívnosť uznávania informálne získaných kompetencií. | ||
| 610 | 2 | 0 | |a kvalifikácia |
| 610 | 2 | 0 | |a vzdelávanie |
| 610 | 2 | 0 | |a inštitúcia |
| 610 | 2 | 0 | |a kompetencie |
| 610 | 2 | 0 | |a Francúzsko |
| 100 | 1 | |a Reitnauer, Jochen | |
| 700 | 1 | |a Ximénes, Cécile | |